| 000 -LEADER |
| fixed length control field |
01022nam a22001817a 4500 |
| 005 - DATE AND TIME OF LATEST TRANSACTION |
| control field |
20221107112224.0 |
| 008 - FIXED-LENGTH DATA ELEMENTS--GENERAL INFORMATION |
| fixed length control field |
211007s2020 enk||||| |||| 00| 0 eng d |
| 020 ## - INTERNATIONAL STANDARD BOOK NUMBER |
| International Standard Book Number |
9780998701967x |
| 041 ## - LANGUAGE CODE |
| Language code of text/sound track or separate title |
eng |
| 080 ## - UNIVERSAL DECIMAL CLASSIFICATION NUMBER |
| Universal Decimal Classification number |
37 S-84 |
| 100 ## - MAIN ENTRY--PERSONAL NAME |
| Personal name |
Stevens, Grace |
| 9 (RLIN) |
12612 |
| 245 ## - TITLE STATEMENT |
| Title |
Teaching in the Post Covid Classroom: |
| Remainder of title |
Mindsets and Strategies to Cultivate Connection, Manage Behavior and Reduce Overwhelm in Classroom, Distance and Blended Learning / |
| Statement of responsibility, etc. |
Stevens, Grace. |
| 264 ## - PRODUCTION, PUBLICATION, DISTRIBUTION, MANUFACTURE, AND COPYRIGHT NOTICE |
| Place of production, publication, distribution, manufacture |
Mountain : |
| Name of producer, publisher, distributor, manufacturer |
Red Lotus Books, |
| Date of production, publication, distribution, manufacture, or copyright notice |
2020. |
| 300 ## - PHYSICAL DESCRIPTION |
| Extent |
158 p. |
| Other physical details |
27 cm. |
| 653 ## - INDEX TERM--UNCONTROLLED |
| keyword |
სწავლება პოსტ -კოვიდის საკლასო ოთახში |
| 653 ## - INDEX TERM--UNCONTROLLED |
| keyword |
ურთიერთობის დამყარების, ქცევის მართვისა და კლასში გადატვირთვის შემცირების სტრატეგიები, დისტანციური და შერეული სწავლება |
| 942 ## - ADDED ENTRY ELEMENTS (KOHA) |
| Source of classification or shelving scheme |
|
| Koha item type |
წიგნი |